|
|
|
|
| LEADER |
00000nab a2200000 a 4500 |
| 001 |
vtls000556182 |
| 003 |
SK-MaSNL |
| 005 |
20260304092318.0 |
| 008 |
250425c1995 xo 0 slo |
| 015 |
|
|
|a SNBRB19rr/mm-uuuuu
|
| 035 |
|
|
|a CL0556320
|
| 035 |
|
|
|a urn:nbn:sk:snk-ab1jpa
|
| 035 |
|
|
|a (urnnbn)urn:nbn:sk:snk:ar-004adv
|
| 035 |
|
|
|a (uuid)9f82dec8-dfbd-4c9e-a7e9-37652a0b5299
|
| 040 |
|
|
|a SNKBUCL
|b slo
|c SNKBUCL
|e AACR2
|
| 041 |
0 |
|
|a slo
|
| 044 |
|
|
|a xo
|c SK
|
| 080 |
|
|
|a 235.3
|2 1981
|
| 080 |
|
|
|a 929 Vojtech, svätý
|2 1981
|
| 100 |
1 |
|
|a J.G.
|4 aut
|9 892946
|
| 245 |
1 |
0 |
|a Vojtech, biskup a mučeník
|c J.G.
|
| 300 |
|
|
|b Obr. 1
|
| 600 |
0 |
7 |
|a Vojtech,
|c svätý,
|d asi 956-997
|2 snkbucl
|9 157758
|
| 655 |
|
7 |
|a články z novín a časopisov
|2 snkbucl
|9 267496
|
| 773 |
0 |
|
|t Historická revue
|g Roč. 6, č. 4 (1995), s. 35
|
| 850 |
|
|
|a Slovenská národná knižnica
|
| 852 |
|
|
|a Slovenská národná knižnica
|
| 954 |
|
|
|a odborná, vedecká literatúra pôvodná (slovenská)
|2 lita
|
| 958 |
|
|
|a article27
|
| 958 |
|
|
|a RK
|
| 958 |
|
|
|a BC
|
| 958 |
|
|
|a CZ
|
| 958 |
|
|
|a OND
|
| 958 |
|
|
|a EUIPO
|
| 992 |
|
|
|a RBX
|
| 999 |
|
|
|c 2818664
|d 2820594
|